MARC

LEADER 00000nam0a2200000 4500
001 376905
005 20231102012848.0
010 |a 0892521465 
035 |a (RuTPU)RU\TPU\retro\34347 
035 |a RU\TPU\retro\34345 
090 |a 376905 
100 |a 20230124d1977 k y0engy50 ba 
101 0 |a eng 
102 |a US 
105 |a y z 101zy 
200 1 |a International optical computing conference  |e proceedings of the international optical computing conference, august 23-24, 1977, San Diego, California  |h Vol. 2  |i Applications digital image processing  |f Institute of Electrical and Electronics Engineers (IEEE). Computer society; editor A. G. Tescher 
210 |a New York  |c The Society of Photo-optical instrumention engineers  |d 1977 
215 |a 310 p. 
225 1 |a SPIE Proceedings  |v Vol. 119 
320 |a Bibliography at the end of chapters 
606 1 |a Оптика военная  |2 stltpush  |3 (RuTPU)RU\TPU\subj\47138  |9 66201 
606 1 |a Информация  |x Обработка  |x Оптические методы  |x Электросвязь  |2 stltpush  |3 (RuTPU)RU\TPU\subj\39277  |9 59428 
610 1 |a английский язык 
610 1 |a оптика 
610 1 |a электроника 
610 1 |a электротехника 
610 1 |a оптические сигналы 
610 1 |a оптическое изображение 
610 1 |a оптическая обработка 
610 1 |a цифровая обработка 
610 1 |a фототелеграфия 
610 1 |a поперечное сечение 
610 1 |a рентген 
610 1 |a импульсно-кодовая модуляция 
610 1 |a конференции 
675 |a 621.391.3(063)  |v 4 
686 |a Ц92л0  |2 rubbk 
702 1 |a Tescher  |b A. G.  |g Andrew  |4 340 
712 1 2 |a Optical signal and image processing  |c conference  |e San Diego  |f 1977 
712 0 2 |a Institute of Electrical and Electronics Engineers (IEEE)  |b Computer society  |4 570 
801 1 |a RU  |b 63413507  |c 20230124 
801 2 |a RU  |b 63413507  |c 20230124  |g RCR 
942 |c BK